| 000 | 00475nam a2200181 i 4500 | ||
|---|---|---|---|
| 001 | 37009 | ||
| 003 | ES-MaACL | ||
| 007 | t| | ||
| 008 | 030220s1948 sp ||||1| spa d | ||
| 100 | 1 |
_aBrugarola, Martín. _932079 |
|
| 245 | 1 | 0 |
_aRégimen sindical cristiano / _cMartín Brugarola. |
| 260 |
_aMadrid : _b[s.n.], _c1948. |
||
| 300 |
_a270 p. ; _c22 cm. |
||
| 490 | 1 | _aAbece | |
| 830 | 0 |
_aAbece _9229620 |
|
| 852 |
_aES-MaACL _jB-1871 _bR.26444 |
||
| 999 |
_c37009 _d37009 |
||